000 00650nam a22002051a 4500
003 NEGST
005 20150620020005.0
008 030618s1995 cou 001 0 eng d
245 0 0 _aPhilosophy of Christian school education /
_ceds. Paul A. Kienel, Ollie E Gibbs, Sharon R. Berry.
_h[Text]
260 _aColorado Springs, Co
_bACSI
_cc1995
300 _axviii, 484p : ill.
500 _aIncludes bibliographical references and index.
590 _aAccession number: 21225
650 0 _aChristian education
_xPhilosophy.
700 1 _aKienel, Paul A.
700 1 _aGibbs, Ollie E.
700 1 _aBerry, Sharon R.
942 0 0 _01
999 _c35876
_d35876